<?xml version="1.0" encoding="UTF-8"?>
<record
    xmlns:xsi="http://www.w3.org/2001/XMLSchema-instance"
    xsi:schemaLocation="http://www.loc.gov/MARC21/slim http://www.loc.gov/standards/marcxml/schema/MARC21slim.xsd"
    xmlns="http://www.loc.gov/MARC21/slim">

  <leader>00678nam a22001457a 4500</leader>
  <datafield tag="040" ind1=" " ind2=" ">
    <subfield code="c">MCS (NUST)</subfield>
  </datafield>
  <datafield tag="082" ind1=" " ind2=" ">
    <subfield code="a">005.8,SAM</subfield>
  </datafield>
  <datafield tag="100" ind1=" " ind2=" ">
    <subfield code="a">Sami, Sadia</subfield>
    <subfield code="9">35203</subfield>
  </datafield>
  <datafield tag="245" ind1=" " ind2=" ">
    <subfield code="a">Identity Based Encryption for Secure Email /</subfield>
    <subfield code="c">Sadia Sami</subfield>
  </datafield>
  <datafield tag="260" ind1=" " ind2=" ">
    <subfield code="a">Rawalpndi</subfield>
    <subfield code="b">MCS (NUST)</subfield>
    <subfield code="c">Apr 2016</subfield>
  </datafield>
  <datafield tag="300" ind1=" " ind2=" ">
    <subfield code="a">xi, 58 p,</subfield>
  </datafield>
  <datafield tag="505" ind1=" " ind2=" ">
    <subfield code="a">Introduction (Page-1), Literature Review (Page-5), Analysis of IB Key Agreement Protocol for Multiple PKGs  and IBE Based Email Systems (Page-19), Proposed IBE Scheme for Secure Email in Multiple PKG Environment (Page-33), Performance Evaluation and Security Analysis (Page-43), Conclusion (Page-50).</subfield>
  </datafield>
  <datafield tag="650" ind1=" " ind2=" ">
    <subfield code="a">PG Thesis</subfield>
    <subfield code="9">35000</subfield>
  </datafield>
  <datafield tag="942" ind1=" " ind2=" ">
    <subfield code="2">ddc</subfield>
    <subfield code="c">THE</subfield>
    <subfield code="k">005.8,SAM</subfield>
  </datafield>
  <datafield tag="999" ind1=" " ind2=" ">
    <subfield code="c">608151</subfield>
    <subfield code="d">608151</subfield>
  </datafield>
  <datafield tag="952" ind1=" " ind2=" ">
    <subfield code="0">0</subfield>
    <subfield code="1">0</subfield>
    <subfield code="2">ddc</subfield>
    <subfield code="4">0</subfield>
    <subfield code="7">0</subfield>
    <subfield code="a">MCS</subfield>
    <subfield code="b">MCS</subfield>
    <subfield code="c">GEN</subfield>
    <subfield code="d">2024-02-26</subfield>
    <subfield code="l">0</subfield>
    <subfield code="o">005.8,SAM</subfield>
    <subfield code="p">MCSTIS-408</subfield>
    <subfield code="r">2024-02-26</subfield>
    <subfield code="w">2024-02-26</subfield>
    <subfield code="y">THE</subfield>
    <subfield code="z">Only Hard Copy Available</subfield>
  </datafield>
</record>
